Libro III de la navegación y comercio marítimo y ley de navegación

Enregistré dans:
Détails bibliographiques
Format: Livre
Langue:espagnol
Publié: Valparaíso Araucaria 1980
Sujets:
Tags: Ajouter un tag
Pas de tags, Soyez le premier à ajouter un tag!

MARC

LEADER 00000nam a2200000 a 4500
001 UCL0294
003 CL-VaPUC
008 030704e19800000CL |||||||||||||||||spa|d
082 0 4 |a 343.83096  |b LIB  |2 21 
245 1 0 |a Libro III de la navegación y comercio marítimo y ley de navegación 
300 |a 271 p 
942 |c BK 
945 |d 20030704 00:00:00  |a cmena 
260 |a Valparaíso  |b Araucaria  |c 1980 
650 7 |a DERECHO MARITIMO CHILENO  |2 CL-VaPUC  |9 476574 
650 0 |a Marina mercante   |9 255383 
650 0 |a Transporte marítimo  |9 260127 
650 7 |a COMERCIO INTERNACIONAL  |2 CL-VaPUC  |9 477032 
583 |a last modification  |c 20030704 00:00:00  |k Rodrigo Vera 
999 |c 304233  |d 304231 
952 |0 0  |1 0  |4 0  |6 343_830960000000000_LIB_1980  |7 0  |8 A  |9 366151  |a BIBDER  |b BIBDER  |d 2019-11-21  |i 3908623  |o 343.83096 LIB 1980  |p 3908623  |r 2023-01-25  |w 2019-11-21  |y BK  |k DER